| 000 | 00510nam a22001577a 4500 | ||
|---|---|---|---|
| 020 | _qHard Cover. | ||
| 082 | _a621.3 | ||
| 100 | _aAslam, Bilal | ||
| 245 |
_aCompact ultrawide band bandpass filter with high stopband rejection / _cBilal Aslam |
||
| 260 |
_aIslamabad : _bCEME - NUST, _c2013. |
||
| 300 |
_a87 p. : ill. ; _c30cm. |
||
| 650 |
_aElectrical Engineering-MS-Thesis _916073 |
||
| 700 |
_aDr. Mojeeb Bin Ihsan. _918601 |
||
| 942 |
_2ddc _cTHE |
||
| 999 |
_c540652 _d540652 |
||